| 000 | 01200cam a22002295a 4500 | ||
|---|---|---|---|
| 001 | L149631 | ||
| 008 | 100329s2009 xxk f 000 0 eng d | ||
| 020 | _a9783940388476 | ||
| 035 | _a(Sirsi) u149631 | ||
| 041 | 0 | _aeng | |
| 050 | 0 | 4 | _a693.5 $2 18 |
| 110 | 2 |
_aWorld Business Council for Sustainable Development _94488 |
|
| 245 | 0 | 0 |
_aCement technology roadmap 2009 _bcarbon emissions reductions up to 2050 _h[electronic resource] |
| 260 |
_aGeneva _bWBCSD _c2009 |
||
| 520 | _aExamines emissions reductions in the cement industry; there is no substitute for concrete as a major global construction material. Other materials can be used in a few applications, but they do not match the broad applications of current concrete use. The roadmap covers indicators to chart progress, financial and policy support that will be required, the limitations to implementing it, technological aspects such as alternative fuel, and a regional perspective. | ||
| 590 | _aKA | ||
| 651 | 4 | _aGlobal | |
| 690 | _aBUILT ENVIRONMENT | ||
| 710 | 1 |
_aInternational Energy Agency _96049 |
|
| 856 | 4 | 8 |
_uhttps://www.iea.org/papers/2009/Cement_Roadmap.pdf _z View this item free of charge at www.wbcsd.org |
| 942 | _n0 | ||
| 999 |
_c110568 _d110568 |
||